Φωτογραφία και περιπέτεια Through the lens : adventure photography
Αψηφούν τη βαρύτητα, αντιμετωπίζουν με γενναιότητα την κόλαση και αντέχουν στις πιο σκληρές συνθήκες που μπορεί να βάλει ανθρώπινος νους. Κι όλα αυτά για να αιχμαλωτίσουν την ανθρώπινη εμπιρεία μέσα σε μία φωτογραφία....
Saved in:
| Corporate Authors: | , |
|---|---|
| Other Authors: | , |
| Format: | |
| Language: | English Greek |
| Published: |
[Χ.τ.] :
NGHT,
2007.
|
| Subjects: | |
| Tags: |
Add Tag
No Tags, Be the first to tag this record!
|
MARC
| LEADER | 00000cgm a2200000 i 4500 | ||
|---|---|---|---|
| 001 | 1/66826 | ||
| 008 | 071210s2007####xx ||| | || ||eng|| | ||
| 035 | |l 10092949 | ||
| 040 | |a GR-MY-UA |b gre |e aacr | ||
| 041 | 0 | |a eng |j gre | |
| 082 | 0 | |a 770 |2 (22) | |
| 245 | 1 | 0 | |a Φωτογραφία και περιπέτεια |h [μαγνητοσκόπηση] = |b Through the lens : adventure photography / |c National Geographic Society ; παραγωγή: National Geographic Television & Film Production ; παραγωγή: Lori Butterfield. |
| 246 | 1 | |i Παράλληλος τίτλος: |a Through the lens : |b adventure photography | |
| 260 | |a [Χ.τ.] : |b NGHT, |c 2007. | ||
| 300 | |a 1 βιντεοδίσκος : |b ομιλ., έγχρ. ; |c 4 3/4 ίν. | ||
| 500 | |a Συνοδευτικό DVD του περιοδικού National Geographic, τεύχος 3 (ΣΕΠ 2007). | ||
| 500 | |a Ο φακός του National Geographic αιχμαλωτίζει την απόλυτη περιπέτεια. | ||
| 508 | |a Μια παραφωγή του National Geographic Television & Film Production, Πρόεδρος: Tim Kelly, Διεύθυνση παραγωγής: David Royle, Παραγωγή: Lori Butterfield, Σενάριο: Robin Freeman, Φωτογραφία εξωφύλλου: Tom Sanders, Φωτογραφία οπισθοφύλλου: Tom Campbell. | ||
| 520 | |a Αψηφούν τη βαρύτητα, αντιμετωπίζουν με γενναιότητα την κόλαση και αντέχουν στις πιο σκληρές συνθήκες που μπορεί να βάλει ανθρώπινος νους. Κι όλα αυτά για να αιχμαλωτίσουν την ανθρώπινη εμπιρεία μέσα σε μία φωτογραφία. | ||
| 538 | |a DVD format. | ||
| 650 | 0 | 0 | |a Documentary films. |
| 650 | 0 | 0 | |a Photography. |
| 650 | 0 | 0 | |a Photographers. |
| 700 | 1 | |a Butterfield, Lori. |4 pro | |
| 700 | 1 | |a Freeman, Robin. | |
| 710 | 2 | |a National Geographic Society (U.S.) | |
| 710 | 2 | |a National Geographic Τelevision & Films. | |
| 852 | |a INST |b LESVOS |c AV |e 20071210 |h 770 ΦΩΤ |p 005100040527 |q 005100040527 |t DVD |y 23 | ||
| 901 | |a BIBL1-2007-3 | ||
| 909 | |a Λ |b 137515 | ||
| 970 | |a ΚΑΡΑ |b ΓΙΑΣΕΜΗ |z 2007/12/10 | ||